|
|
|
|
| LEADER |
00717nab a2200181 i 4500 |
| 001 |
misc74166 |
| 005 |
20241018154302.0 |
| 008 |
240314s1988 hu o 000 eng d |
| 040 |
|
|
|a SZTE Miscellanea Repozitórium
|b hun
|
| 041 |
|
|
|a eng
|
| 100 |
1 |
|
|a McElroy W. D.
|
| 245 |
1 |
0 |
|a Imaginative biochemistry
|h [elektronikus dokumentum] :
|b [book review : Ralph W. Moss: Free radical. Albert Szent-Gyorgyi and the battle over vitamin C] /
|c McElroy W. D.
|
| 260 |
|
|
|c 1988-01-01
|
| 300 |
|
|
|a 82
|
| 490 |
0 |
|
|a Science
|v 239 No. 4835
|
| 561 |
|
|
|a Szent-Györgyi Albert tudományos és egyéb írásai
|
| 695 |
|
|
|a Életrajz, Szent-Györgyi Albert
|
| 856 |
4 |
0 |
|u http://misc.bibl.u-szeged.hu/74166/1/szgya_vegyes_103.pdf
|z Dokumentum-elérés
|